• 首页
  • 本馆介绍
  • 公告通知
  • 最新文献
  • 馆藏检索
  • 电子资源
  • 读者导购
  • 参考咨询
  • 我的图书馆
  • 登录
  • 详细信息显示
  • 放入我的书架
  • 预约/预借图书
  • 作者相关作品
  • 分类相关作品
  • 丛书相关作品
  • 出版社相关作品

书目信息

  • 表格格式
  • 工作单格式
  • 卡片格式
题名:
短视频运营实操手册
    
 
作者: 李科成 著
分册:  
出版信息: 北京   中国商业出版社  2019
页数: 246页
开本: 24cm
丛书名:
单 册:
中图分类: F713.365.2-62 , F713.36
科图分类:
主题词: 网络营销--手册
电子资源:
ISBN: 978-7-5208-0986-3
000 00785nam0 2200229 450
001 2261252267
005 20220927170114.16
010    @a978-7-5208-0986-3@dCNY58.00
100    @a20200408d2019 em y0chiy50 ea
101 0  @achi
102    @aCN@b110000
105    @aa z 000yy
200 1  @a短视频运营实操手册@9duan shi pin yun ying shi cao shou ce@f李科成著
210    @a北京@c中国商业出版社@d2019
215    @a246页@c图@d24cm
330    @a本书分十章,内容包括:未来:短视频将迎来新的爆发机遇;定位:直接决定未来的涨粉和变现方式;内容:获得高度关注背后的产品逻辑;竞品:那些爆红的同行就是我们的导师等。
606 0  @a网络营销@j手册
690    @aF713.365.2-62@v5
690    @aF713.36@v4
701  0 @a李科成@9li ke cheng@4著
801  0 @aCN@b91MARC@c20200408
905    @aZUCC@dF713.36@e460
    
    短视频运营实操手册/李科成著.-北京:中国商业出版社,2019
    246页:图;24cm
    
    
    ISBN 978-7-5208-0986-3:CNY58.00
    本书分十章,内容包括:未来:短视频将迎来新的爆发机遇;定位:直接决定未来的涨粉和变现方式;内容:获得高度关注背后的产品逻辑;竞品:那些爆红的同行就是我们的导师等。
●
相关链接 在五车中查询图书 在当当中查询图书 在豆瓣中查询图书


正题名:短视频运营实操手册     索取号:F713.36/460         预约/预借

序号 登录号 条形码 馆藏地/架位号 状态 备注
1 2000903095   2000903095   第三书库/ [索取号:F713.36/460] 在馆    
2 2000903096   2000903096   第三书库/ [索取号:F713.36/460] 在馆    
3 2000903097   2000903097   第三书库/ [索取号:F713.36/460] 在馆    
山东省滨州职业学院图书馆 欢迎您!
大连网信软件有限公司© 版权所有